000 00720pam a2200229 a 4500
001 2960012
005 20180813072535.0
008 910501s1992 nyua b 001 0 eng
010 _a 91019187
020 _a0070485577
040 _aDLC
_cDLC
_dDLC
041 _aeng
080 _25th
_a155 PAP
082 0 0 _a155 PAP
_220
100 1 _a48
101 _aPSI
245 1 0 _aHuman development /
_cDiane E. Papalia, Sally Wendkos Olds.
504 _aIncludes bibliographical references (p. 565-603) and indexes.
906 _a7
_bcbc
_corignew
_d1
_eocip
_f19
_gy-gencatlg
942 _2ddc
_cBK
999 _c47040
_d47040